Statystyki dla Tajemniczy Szlak Europejskich Stolic

Kliknij tutaj aby rozwiązać quiz!

Ogólne statystyki

  • Ten quiz został rozwiązany 159 razy
  • Średni wynik to 10 z 16

Odpowiedzi na mapie

Odpowiedzi skodowane kolorowo w zielono-czerwonej skali na mapie do tego quizu, zgodnie z poniższymi procentami.
 

Statystyki odpowiedzi

#Capital% Poprawnych
StartKopenhaga
98%
1Paryż
93%
2Dublin
90%
3Andora
82%
4Madryt
82%
5Ateny
78%
6KIszyniów
66%
7Bukareszt
64%
8Sarajewo
53%
9Budapeszt
52%
10Praga
50%
11Ryga
50%
12Sztokholm
49%
KoniecKijów
46%
13Moskwa
46%
14Warszawa
45%

Rozkład punktacji

Percentyl według liczby udzielonych odpowiedzi

Procent ludzi z każdym wynikiem

Twoja historia wyników

Nie rozwiązałeś tego quizu